| 000 -LEADER |
| fixed length control field |
01835cam a2200397 a 4500 |
| 001 - CONTROL NUMBER |
| control field |
7457942 |
| 005 - DATE AND TIME OF LATEST TRANSACTION |
| control field |
20170105102850.0 |
| 008 - FIXED-LENGTH DATA ELEMENTS--GENERAL INFORMATION |
| fixed length control field |
090909s2009 enkb b 000 0 eng c |
| 010 ## - LIBRARY OF CONGRESS CONTROL NUMBER |
| LC control number |
2009483846 |
| 020 ## - INTERNATIONAL STANDARD BOOK NUMBER |
| International Standard Book Number |
9780415562607 |
| 020 ## - INTERNATIONAL STANDARD BOOK NUMBER |
| International Standard Book Number |
0415562600 |
| 024 ## - OTHER STANDARD IDENTIFIER |
| Standard number or code |
40017214215 |
| 035 ## - SYSTEM CONTROL NUMBER |
| System control number |
(OCoLC)435509127 |
| Canceled/invalid control number |
(OCoLC)428031358 |
| 035 ## - SYSTEM CONTROL NUMBER |
| System control number |
(OCoLC)ocn435509127 |
| 035 ## - SYSTEM CONTROL NUMBER |
| System control number |
(NNC)7457942 |
| 040 ## - CATALOGING SOURCE |
| Original cataloging agency |
AU@ |
| Transcribing agency |
AU@ |
| Modifying agency |
DLC |
| -- |
BTCTA |
| -- |
BWK |
| -- |
JYJ |
| -- |
AFQ |
| -- |
UKM |
| -- |
PUL |
| -- |
YDXCP |
| 042 ## - AUTHENTICATION CODE |
| Authentication code |
pcc |
| 043 ## - GEOGRAPHIC AREA CODE |
| Geographic area code |
a-pk--- |
| 050 00 - LIBRARY OF CONGRESS CALL NUMBER |
| Classification number |
DS389 |
| Item number |
.S96 2009 |
| 082 #4 - DEWEY DECIMAL CLASSIFICATION NUMBER |
| Classification number |
954.9 |
| 100 1# - MAIN ENTRY--PERSONAL NAME |
| Personal name |
Synnott, Hilary. |
| 245 10 - TITLE STATEMENT |
| Title |
Transforming Pakistan : |
| Remainder of title |
ways out of instability / |
| Statement of responsibility, etc. |
Hilary Synnott. |
| 260 ## - PUBLICATION, DISTRIBUTION, ETC. |
| Place of publication, distribution, etc. |
Abingdon : |
| Name of publisher, distributor, etc. |
Routledge for the International Institute for Strategic Studies, |
| Date of publication, distribution, etc. |
2009. |
| 300 ## - PHYSICAL DESCRIPTION |
| Extent |
199 p. : |
| Other physical details |
maps ; |
| Dimensions |
24 cm. |
| 490 1# - SERIES STATEMENT |
| Series statement |
Adelphi, |
| International Standard Serial Number |
0567-932X ; |
| Volume/sequential designation |
406 |
| 504 ## - BIBLIOGRAPHY, ETC. NOTE |
| Bibliography, etc. note |
Includes bibliographical references. |
| 505 0# - FORMATTED CONTENTS NOTE |
| Formatted contents note |
Introduction -- Ch. 1 The nature of Pakistan -- Ch. 2 Pakistan after 9/11 -- Ch. 3 Internal conflicts -- Ch. 4 Regional relationships: India, China, Saudi Arabia and the Gulf -- Prospects and policies. |
| 520 0# - SUMMARY, ETC. |
| Summary, etc. |
Analyzes developments in Pakistan's volatile tribal regions, little understood in the West despite their profound implications for regional and international security, and examines the role of past events especially since 11 September 2001 in generating the animosity that many Pakistanis feel towards the West today. |
| 651 #0 - SUBJECT ADDED ENTRY--GEOGRAPHIC NAME |
| Geographic name |
Pakistan |
| General subdivision |
Politics and government |
| Chronological subdivision |
1988- |
| 651 #0 - SUBJECT ADDED ENTRY--GEOGRAPHIC NAME |
| Geographic name |
Pakistan |
| General subdivision |
Foreign relations. |
| 830 #0 - SERIES ADDED ENTRY--UNIFORM TITLE |
| Uniform title |
Adelphi (Series) (International Institute for Strategic Studies) ; |
| Volume/sequential designation |
406. |
| 856 42 - ELECTRONIC LOCATION AND ACCESS |
| Materials specified |
Publisher description |
| Uniform Resource Identifier |
<a href="http://www.loc.gov/catdir/enhancements/fy0917/2009483846-d.html">http://www.loc.gov/catdir/enhancements/fy0917/2009483846-d.html</a> |
| 942 ## - ADDED ENTRY ELEMENTS (KOHA) |
| Source of classification or shelving scheme |
|
| Koha item type |
Book |
| 948 1# - LOCAL PROCESSING INFORMATION (OCLC); SERIES PART DESIGNATOR (RLIN) |
| Series part designator, SPT (RLIN) |
20091110 |
| b (OCLC) |
c |
| c (OCLC) |
dc21 |
| d (OCLC) |
MPS |